Greek scepticism (Record no. 90074)
[ view plain ]
| 000 -LEADER | |
|---|---|
| fixed length control field | 01309nam a2200313Ia 4500 |
| 100 1# - MAIN ENTRY--AUTHOR NAME | |
| Personal name | Groarke, Leo, |
| 245 10 - TITLE STATEMENT | |
| Title | Greek scepticism |
| 260 ## - PUBLICATION, DISTRIBUTION, ETC. (IMPRINT) | |
| Place of publication | Montreal ; |
| -- | Buffalo : |
| Name of publisher | McGill-Queen's University Press, |
| Year of publication | c1990. |
| 300 ## - PHYSICAL DESCRIPTION | |
| Number of Pages | xv, 176 p. |
| 490 1# - SERIES STATEMENT | |
| Series statement | McGill-Queen's studies in the history of ideas ; |
| 650 #0 - SUBJECT ADDED ENTRY--TOPICAL TERM | |
| Topical Term | Skeptics (Greek philosophy) |
| Topical Term | Philosophy, Ancient. |
| 856 40 - ELECTRONIC LOCATION AND ACCESS | |
| Uniform Resource Identifier | http://site.ebrary.com/lib/rucke/Doc?id=10141917 |
No items available.
